| 000 | 02066naa a2200469 i 4500 | ||
|---|---|---|---|
| 003 | EG-GICUC | ||
| 005 | 20260121101439.0 | ||
| 008 | 251207s1928 fr o|||fr|||| 001 0 fre d | ||
| 040 |
_aEG-GiCUC _bfre _cEG-GiCUC _dEG-GiCUC _eRda |
||
| 041 | _afre | ||
| 082 | 0 | 4 |
_221 _a341.1 _bRE |
| 092 | 0 | 4 | _221 |
| 099 | _aLaw1 11 341.1 RE 1928 | ||
| 245 | 0 | 0 |
_aRecueil des cours. _n1926, Tome 15. |
| 264 | 1 |
_aParis : _bHachette, _c1928. |
|
| 300 |
_a667 page : _bPhotographs ; _c24 cm. |
||
| 336 |
_2rda contenu _a texte |
||
| 337 |
_2rda medias _aOrdinateur |
||
| 338 |
_2 transporteur rda _a Ressource en ligne |
||
| 490 | 1 |
_aAcadémie de droit international ; _v1926, t.15. |
|
| 500 | _a"1926 V." | ||
| 500 | _aAt head of title: Académie de droit international. | ||
| 504 | _aIncludes bibliographical references and index. | ||
| 505 |
_aContient les cours de l'Académie y compris : _tLe régime international des ports / _rpar Rudolf Laun -- _tLa répression de la piraterie / _rpar Vespasien Pella -- _tL'organisation économique de la paix / _rpar Edgar Milhaud -- _tLa conception du droit international privé d'après la doctrine et la pratique en Allemagne / _rpar Walter Simons -- _tLa conclusion et la rédaction des traités et des instruments diplomatiques autres que les traités / _rpar Jules Basdevant. |
||
| 546 | _aTexte en français | ||
| 650 | 1 | 4 |
_aDroit international _2qrmak |
| 650 | 1 | 4 |
_aDroit de la mer _2qrmak |
| 650 | 1 | 4 |
_aDroit international économique _2qrmak |
| 650 | 1 | 4 |
_aPaix _2qrmak |
| 650 | 1 |
_aDroit international privé _2qrmak |
|
| 651 | 1 | _2qrmak | |
| 700 | 1 |
_aLaun, Rudolf, _d1882-1975, _eAuteur |
|
| 700 | 1 |
_aPella, Vespasien V., _d1897-1952, _eAuteur |
|
| 700 | 1 |
_aMilhaud, Edgard, _d1873-1964, _eAuteur |
|
| 700 | 1 |
_aSimons, Walter, _d1861-1937, _eAuteur |
|
| 700 | 1 |
_aBasdevant, Jules, _d1877-1968, _eAuteur |
|
| 710 | _aACADÉMIE DE DROIT INTERNATIONAL. | ||
| 830 | 0 |
_arecueil des cours ; _v1926, t.15. |
|
| 856 | 4 | 0 | _uhttps://fll.law.cu.edu.eg/fulltext/bks/B11-05030.pdf |
| 905 |
_a75 _eHassnaa |
||
| 942 |
_2ddc _n0 _cBK _e21 |
||
| 999 |
_c48938 _d48938 |
||